Vývoj bankového sektora v roku 2011
Vývoj v bankovom sektore v roku 2011 bol v znamení dvoch odlišných polrokov. Kým v prvom polroku pokračovali viaceré pozitívne trendy ešte z konca roka 2010, v druhom polroku zaznamenali banky viaceré negatívne tendencie. Dôležitým faktorom ovplyvňujúcim vývoj v druhom polroku 2011 bol externý vývoj...
Guardado en:
| Autor principal: | |
|---|---|
| Formato: | Capítulo de libro |
| Lenguaje: | eslovaco |
| Materias: | |
| Etiquetas: |
Sin Etiquetas, Sea el primero en etiquetar este registro!
|
MARC
| LEADER | 00000naa a2200000 4500 | ||
|---|---|---|---|
| 001 | 0152788 | ||
| 005 | 20231116091505.4 | ||
| 041 | 0 | |a slo | |
| 044 | |a SK | ||
| 245 | 1 | 0 | |a Vývoj bankového sektora v roku 2011 |c Marek Ličák |
| 520 | |a Vývoj v bankovom sektore v roku 2011 bol v znamení dvoch odlišných polrokov. Kým v prvom polroku pokračovali viaceré pozitívne trendy ešte z konca roka 2010, v druhom polroku zaznamenali banky viaceré negatívne tendencie. Dôležitým faktorom ovplyvňujúcim vývoj v druhom polroku 2011 bol externý vývoj, a to najmä dlhová krízy v eurozóne. Banky to pocítili priamo prostredníctvom svojich dlhopisových portfólií, ale aj nepriamo, nárastom neistoty v reálnej ekonomike. Spomalili sa prírastky úverov z bánk domácnostiam a podnikom. Banky tiež zaznamenali viaceré negatívne trendy v ziskovosti. Z pohľadu stability sektora je dôležité, že bankový sektor vykazoval naďalej silnú kapitálovú a likvidnú pozíciu. | ||
| 610 | 2 | 0 | |a bankovníctvo |
| 610 | 2 | 0 | |a banky |
| 610 | 2 | 0 | |a vývoj hospodársky |
| 610 | 2 | 0 | |a kríza finančná |
| 610 | 2 | 0 | |a úver |
| 610 | 2 | 0 | |a Slovensko |
| 610 | 2 | 0 | |a ukazovatele makroekonomické |
| 610 | 2 | 0 | |a prostredie ekonomické |
| 100 | 1 | |a Ličák, Marek | |